01284am a2200385a 44500003000900000005001700009008004100026020001800067040001300085245006100098250001200159260005500171300002900226490003100255500006900286504007000355650002300425650003200448650002700480650003400507650003600541650003100577650002500608653002400633653002400657653002400681653002600705653002700731700003500758700002900793700001700822700002100839700001900860700001900879AR-BaBNM20251128210842.0251020s2000 #AR|||||||||||000 | spa|| a987-538-002-4 cAR-BaBNM10aInformática y discapacidadbfundamentos y aplicaciones a1ª ed. aBuenos AiresbEdiciones Novedades Educativasc2000 a215 p.btablas, gráfs. 0aPsicología y educación aContiene glosario y listado de servicios disponibles en internet aContiene referencias bibliográficas al final de cada capítulo 4aEDUCACION ESPECIAL 4aENSEÑANZA POR COMPUTADORA 4aPROGRAMAS INFORMATICOS 4aENSEÑANZA DE LA INFORMATICA 4aPROCESAMIENTO DE LA INFORMACION 4aPSICOLOGIA DE LA EDUCACION 4aPROCESO COGNOSCITIVO aDISCAPACIDAD MENTAL aDISCAPACIDAD VISUAL aDISCAPACIDAD MOTORA aDISCAPACIDAD AUDITIVA aESTRATEGIAS DIDACTICAS1 aHavlik, Jarmila M.ecompilador1 aFerro, María del Pilar1 aMon, Fabiana1 aMorales, Ricardo1 aRojo, Mónica1 aScarlato, Nora